000 00308nam a22001337a 4500
008 170913b xxu||||| |||| 00| 0 eng d
020 _a9780030313530
041 _aeng
080 _23RD
_a53
100 _a53
101 _aFIZ
245 _aPHYSICS FOR SCIENTISTS & ENGINEERS
_cSERWAY,R.A
942 _2udc
_cBK
999 _c27412
_d27412